00834nam a2200205 i 450000100060000000300090000600500170001500700030003200800410003510000540007624501170013026000600024730000210030750000190032870000530034770000290040085200590042999900170048895201230050519785ES-MaACL20230906152151.0t|021015s1917 sp ||||1| spa d1 aÁlvarez Quintero, Serafín,d1871-1938922644313aLa historia de Sevilla b: romance / cSerafín y Joaquín Alvarez Quintero ; con música de Francisco Bravo. aMadrid : b[s.n.], c1917 (fImp. Clásica Española) a22 p. ; c18 cm. aSolo la letra.1 aÁlvarez Quintero, Joaquín,d1873-19449209221 aBravo, Francisco.931452 aES-MaACLjF-8656(4) q. - Encuadernado con otras obras c19785d19785 00104070aATENEOMbATENEOMcSPP2d2008-01-17eSCl0oF-8656(4)p1020263r2023-02-23 00:00:00w2023-02-23yMONOGRAFIA